Nghiệp vụ ngân hàng thương mại /

Ngân hàng thương mại - tổng quan, tài sản có và tài sản nợ, các phương tiện thanh toán và dịch vụ ngân quỹ, tín dụng và chính sách tín dụng, chiết khấu thương phiếu, tín dụng ứng trước, thấu chi, tín dụng trung và dài hạn, cho vay hộ nông dân......

Täydet tiedot

Tallennettuna:
Bibliografiset tiedot
Muut tekijät: Lê Văn Tề, PGS. PTS., Ngô Hướng, PTS., Đỗ Linh Hiệp, PTS., Hồ Diệu, PTS., Lê Thẩm Dương, PTS.
Aineistotyyppi: Kirja
Kieli:Vietnamese
Julkaistu: Tp.HCM : Nxb Tp.HCM, 1997.
Aiheet:
Tagit: Lisää tagi
Ei tageja, Lisää ensimmäinen tagi!
Thư viện lưu trữ: Mạng thư viện Đại học Đà Nẵng
LEADER 01410cam a2200409 i 4500
001 000043213
003 1088
005 20030917150408.0
008 010326b1997 vm 000 vie
020 |c 48000 
022 |a T 
040 |a IRC  |c IRC  |d IRC 
041 0 |a vie 
082 1 4 |a 332.12  |b Ng-V 
245 0 0 |a Nghiệp vụ ngân hàng thương mại /  |c Lê Văn Tề, Ngô Hướng, Đỗ Linh Hiệp, Hồ Diệu, Lê Thẩm Dương. 
260 |a Tp.HCM :  |b Nxb Tp.HCM,  |c 1997. 
300 |a 556tr. ;  |c 20cm. 
520 3 |a Ngân hàng thương mại - tổng quan, tài sản có và tài sản nợ, các phương tiện thanh toán và dịch vụ ngân quỹ, tín dụng và chính sách tín dụng, chiết khấu thương phiếu, tín dụng ứng trước, thấu chi, tín dụng trung và dài hạn, cho vay hộ nông dân... 
630 0 4 |a Kinh tế. 
630 0 4 |a Ngân hàng. 
650 0 4 |a Ngân hàng. 
650 0 4 |a Ngân hàng thương mại. 
700 1 |a Lê Văn Tề,  |c PGS. PTS. 
700 1 |a Ngô Hướng,  |c PTS. 
700 1 |a Đỗ Linh Hiệp,  |c PTS. 
700 1 |a Hồ Diệu,  |c PTS. 
700 1 |a Lê Thẩm Dương,  |c PTS. 
OWN |a DUT 
999 |a From the UDN01 
TYP |a Monograph 
TYP |a Printed language 
980 |a Mạng thư viện Đại học Đà Nẵng